| 000 | 00418nam a22001697a 4500 | ||
|---|---|---|---|
| 003 | MPLRDC | ||
| 005 | 20220104114639.0 | ||
| 008 | 210129b ||||| |||| 00| 0 eng d | ||
| 020 | _a957-718-012-4 | ||
| 082 | _a538.59 LSB | ||
| 100 | _a林松柏译 | ||
| 245 |
_a中国岁时风物记 _c |
||
| 260 |
_a _b满庭芳出版社 _c1992 |
||
| 300 | _b平 | ||
| 650 | _a节日; 纪念日--岁时 | ||
| 942 |
_cBK _o538.59 LSB |
||
| 999 |
_c9117 _d9107 |
||